000 00296nam a22001337a 4500
003 SGT
020 _a9788123020422
082 _a820
_bE15D
100 _aDHARAMPAL, GITA
245 _aESSENTIAL WRITTINGS OF DHARAMPAL
260 _bPUBLICATIONS DIVISION
_c2015
300 _a396
942 _2ddc
_cBK
999 _c29255
_d29255